Word Ladder: Lost and Found Quiz Stats

 Plays Quiz Updated Nov 2, 2014

Challenge
Share
Tweet
Embed
Score 0/31 Timer 04:00
0 Plays Today
Hint 4-Letter Word % Correct
'All I ____ for Christmas...'●WANT●
96.9%
'I feel the ____... for speed' (Top Gun)●NEED●
96.3%
To give aid: '____ a hand'LEND
95%
What kids call the 'bookworm'NERD
93.2%
Sesame or poppy particleSEED
93.1%
Do this to a cake in the ovenBAKE
92.9%
Try not to '____ things for granted'●TAKE●
92.7%
'A ____ Day's Night' (The Beatles)HARD
91.9%
'____aboo!' - It's often said to babiesPEEK
91.5%
'He ____ thataway!' (vamoosed)WENT
91.4%
Arrive on a shoreLAND
91%
Many pastoral grazersHERD
89.1%
'____ of Brothers' (WWII series)BAND
88.4%
Confined or repressed: '____-up feelings'PENT
88%
Dispatch, or cause to goSEND
85.4%
Skin imperfectionWART
85.3%
Hint 4-Letter Word % Correct
What Harry Potter does to a Snitch●SEEK●
84.6%
Song or speech (Scot. dialectal)LEED
84.6%
'____ one another' (Biblical principle)●LOVE●
83.8%
Actress AmandaPEET
83.7%
It's hard to '____ a nice day' after 6pm●HAVE●
82.7%
If you do this to your keys, try not to do it with your temper●LOSE●
81.6%
Adult red deer, or stagHART
81.5%
Poison; or perhaps a nemesisBANE
80.8%
Thrash or struggle (Brit. dialectal)TAVE
73.9%
Repel, or ward offFEND
72.8%
Threw or cast, with effortHOVE
71.1%
Learn the secret: '____ out'●FIND●
70.4%
'… and in the darkness ____ them' (LOTR)BIND
69.6%
Slender, thinLANK
56.9%
To be missing; without●LACK●
50.7%

Today's Daily Dose

You're not logged in!

Compare scores with friends on all Sporcle quizzes.
OR
Log In

You Might Also Like...

Show Comments

Extras

Top Quizzes Today


Score Distribution

Your Account Isn't Verified!

In order to create a playlist on Sporcle, you need to verify the email address you used during registration. Go to your Sporcle Settings to finish the process.

Report this User

Report this user for behavior that violates our Community Guidelines.

Details: